| Tag |
First Indicator |
Second Indicator |
Subfields |
| LEADER |
00000cam a22000008a 4500 |
| 001 |
in00000007675 |
| 005 |
20151006060010.0 |
| 008 |
870220c19871986nyu 00010aeng |
| 010 |
|
|
|a 87000271
|
| 020 |
|
|
|a 0802100104
|
| 035 |
|
|
|a (OCoLC)15284547
|
| 035 |
|
|
|9 AAA2172AM
|
| 040 |
|
|
|a DLC
|c DLC
|d m/c
|d TXA
|d UtOrBLW
|
| 041 |
1 |
|
|a eng
|h fre
|h hun
|
| 043 |
|
|
|a e-hu---
|
| 049 |
|
|
|a TXAM
|c [A12618036]
|
| 050 |
0 |
0 |
|a DB957
|b .K6613 1987
|
| 082 |
0 |
|
|a 943.9/053/0924
|2 19
|
| 100 |
1 |
|
|a Kopácsi, Sándor,
|d 1922-
|
| 240 |
1 |
0 |
|a Au nom de la classe ouvrière.
|l English
|
| 245 |
1 |
0 |
|a In the name of the working class :
|b the inside story of the Hungarian Revolution /
|c Sándor Kopácsi ; translated by Daniel and Judy Stoffman ; with a foreword by George Jonas.
|
| 250 |
|
|
|a 1st ed.
|
| 263 |
|
|
|a 8710
|
| 264 |
|
1 |
|a New York :
|b Grove Press,
|c 1987
|
| 264 |
|
4 |
|c ©1986
|
| 300 |
|
|
|a xi, 304 pages
|
| 336 |
|
|
|a text
|b txt
|2 rdacontent
|
| 337 |
|
|
|a unmediated
|b n
|2 rdamedia
|
| 338 |
|
|
|a volume
|b nc
|2 rdacarrier
|
| 500 |
|
|
|a Translation of: Au nom de la classe ouvrière.
|
| 651 |
|
0 |
|a Hungary
|x History
|y Revolution, 1956
|v Personal narratives.
|
| 600 |
1 |
0 |
|a Kopácsi, Sándor,
|d 1922-
|
| 650 |
|
0 |
|a Police chiefs
|z Hungary
|x Biography.
|
| 999 |
|
|
|a MARS
|
| 999 |
f |
f |
|s 1b44ddb2-2607-309c-bb98-05b8cfb8f176
|i 9977fc74-3279-38ef-9a41-ecabe9ebbad2
|t 0
|
| 952 |
f |
f |
|p ric
|a Texas A&M University
|b Rellis Campus
|c Joint Library Facility
|d Remote Storage
|t 0
|e DB957 .K6613 1987
|h Library of Congress classification
|i unmediated -- volume
|m A14812618036
|
| 998 |
f |
f |
|a DB957 .K6613 1987
|t 0
|l Remote Storage
|